000
00301nam a2200133 i 4500
001
bg
100
1
_a
VIOLLET, Pierre
245
0
_a
La pollution de l'air /
_c
Pierre Viollet.
260
_a
Paris,
_c
1975.
040
_c
BPK
041
_a
pol
942
_c
KS
008
s pl f |000 0 pol
999
_c
27295
_d
27295